Name the Artist by Chorus - Statistics

General Stats
  • This quiz has been taken 24 times
  • The average score is 6 of 10
Answer Stats
Chorus Artist % Correct
When the sun shine, we shine togetherTold you I'll be here forever Said "I'll always be your friend" Took an oath, I'ma stick it out 'til the end Now that it's rainin' more than ever Know that we'll still have each other You can stand under my umbrella You can stand under my umbrella Ella-ella, ayy, ayy, ayy Under my umbrella Ella-ella, ayy, ayy, ayy Under my umbrella Ella-ella, ayy, ayy, ayy Under my umbrella Ella-ella, ayy, ayy, ayy, ayy, ayy, ayy Rihanna
88%
But I set fire to the rainWatched it pour as I touched your face Well, it burned while I cried 'Cause I heard it screamin' out your name Your name Adele
82%
I hear Jerusalem bells a-ringin'Roman cavalry choirs are singin' Be my mirror, my sword and shield My missionaries in a foreign field For some reason, I can't explain Once you'd gone, there was never Never an honest word And that was when I ruled the world Coldplay
82%
Wish we could turn back time to the good old daysWhen our momma sang us to sleep, but now we're stressed out (Oh) Wish we could turn back time (Oh) to the good old days (Oh) When our momma sang us to sleep, but now we're stressed out We're stressed out Twenty One Pilots
82%
'Cause you make me feel likeI've been locked outta heaven For too long For too long Yeah, you make me feel like I've been locked outta heaven For too long For too long Bruno Mars
76%
God's plan, God's planI hold back, sometimes I won't, yeah I feel good, sometimes I don't (Ayy, don't) I finessed down Weston Road (Ayy, 'nessed) Might go down a G-O-D (Yeah, wait) I go hard on Southside G (Yeah, wait) I make sure that north-side eat And still Drake
76%
You prolly think that you are better now, better nowYou only say that 'cause I'm not around, not around You know I never meant to let you down, let you down Woulda gave you anything, woulda gave you everything You know I say that I am better now, better now I only say that 'cause you're not around, not around You know I never meant to let you down, let you down Woulda gave you anything, woulda gave you everything Oh-oh Post Malone
47%
Can I go where you go?Can we always be this close? Forever and ever, ah Take me out and take me home You're my, my, my, my lover Taylor Swift
47%
I get those goosebumps every time, yeah, you come around, yeahYou ease my mind, you make everything feel fine Worried 'bout those comments I'm way too numb, yeah, it's way too dumb, yeah I get those goosebumps every time, I need the Heimlich Throw that to the side, yeah I get those goosebumps every time, yeah When you're not around (Straight up) When you throw that to the side, yeah (It's lit) I get those goosebumps every time, yeah Travis Scott
41%
I can hеar your tears when they drop over the phoneGet mad at yourself 'cause you can't leave me alone Gossip, bein' messy, that ain't what we doin' (World was endin') Travel around the world (Would you cry or would you try to get me?) Over the phone, droppin' tears (Tell me now, I want you to be clear, yeah) I get more vulnerable when I do pills (Tell me now, I need you to be clear, yeah) When you drunk, you tell me exactly how you feel (I won't wait for you, for you) When I'm loaded, I keep it real (I won't wait for you, I won't wait for you) Need to tell a real one exactly what it is (I won't wait, won't wait, for you, for you) Don't say it 'cause you know that's what I wanna hear (I won't wait for you, I won't wait for you) Future
18%
No matching quizzes found
Score Distribution
Percent of People with Each Score
Percentile by Number Answered
Your Score History
You have not taken this quiz